Historia de la Universidad de Oviedo y noticias de los establecimientos de enseñanza de su distrito / (Record no. 39482)

MARC details
000 -LEADER
campo de control de longitud fija 00897nam a2200229 i 4500
001 - NÚMERO DE CONTROL
campo de control 39482
003 - IDENTIFICADOR DE NÚMERO DE CONTROL
campo de control ES-MaACL
005 - FECHA Y HORA DE LA ÚLTIMA TRANSACCIÓN
campo de control 20251014063106.0
007 - CAMPO FIJO DE DESCRIPCIÓN FÍSICA--INFORMACIÓN GENERAL
campo de control de longitud fija t|
008 - DATOS DE LONGITUD FIJA--INFORMACIÓN GENERAL
campo de control de longitud fija 030303s1873 sp ||||1| spa d
100 1# - ENTRADA PRINCIPAL--NOMBRE DE PERSONA
Nombre de persona Canella y Secades, Fermín,
Fechas asociadas al nombre 1849-1924
9 (RLIN) 34478
245 10 - MENCIÓN DEL TÍTULO
Título Historia de la Universidad de Oviedo y noticias de los establecimientos de enseñanza de su distrito /
Mención de responsabilidad, etc. Fermín Canella y Secades.
260 ## - PUBLICACIÓN, DISTRIBUCIÓN, ETC.
Lugar de publicación, distribución, etc. Oviedo :
Nombre del editor, distribuidor, etc. Eduardo Uria,
Fecha de publicación, distribución, etc. 1873.
300 ## - DESCRIPCIÓN FÍSICA
Extensión 509 p. ;
Dimensiones 22 cm.
530 ## - NOTA DISPONIBLE DE FORMULARIO FÍSICO ADICIONAL
Nota de formato físico adicional disponible Disponible en formato digital.
610 24 - PUNTO DE ACCESO ADICIONAL DE MATERIA--NOMBRE DE ENTIDAD CORPORATIVA
Nombre de entidad corporativa o nombre de jurisdicción como elemento de entrada Universidad de Oviedo-
Subdivisión de forma Historia.
9 (RLIN) 166856
650 #4 - PUNTO DE ACCESO ADICIONAL DE MATERIA--TÉRMINO DE MATERIA
Término de materia o nombre geográfico como elemento de entrada Centros docentes-
Subdivisión geográfica Asturias (Comunidad Autónoma)
9 (RLIN) 151690
650 #4 - PUNTO DE ACCESO ADICIONAL DE MATERIA--TÉRMINO DE MATERIA
Término de materia o nombre geográfico como elemento de entrada Centros docentes-
Subdivisión geográfica León (Provincia)
9 (RLIN) 151691
852 ## - LOCALIZACIÓN
Ubicación ES-MaACL
Número de control de estantería D-2297
856 ## - LOCALIZACIÓN Y ACCESO ELECTRÓNICOS
Identificador Uniforme de Recursos <a href="http://bdh-rd.bne.es/viewer.vm?id=0000190948&page=1 ">http://bdh-rd.bne.es/viewer.vm?id=0000190948&page=1 </a>
Nota pública Biblioteca Digital Hispánica
Holdings
Estatus retirado Estado de pérdida Estado de daño No para préstamo Colección Biblioteca de origen Biblioteca actual Ubicación en estantería Fecha de adquisición Fuente de adquisición Total de préstamos Signatura topográfica completa Código de barras Visto por última vez Precio de reemplazo Tipo de ítem Koha
        Colección digital Biblioteca del Ateneo de Madrid Biblioteca del Ateneo de Madrid Sala Valle Inclán 17/01/2008     D-2297 901041580 23/02/2023 23/02/2023 Libro impreso antiguo